书目信息 |
| 题名: |
英语
|
|
| 作者: | 胡国湘 主编 ;新编成人高等学校英语教材编写组 编 | |
| 分册: | 第3册 | |
| 出版信息: | 上海 上海外语教育出版社 2006.07 |
|
| 页数: | 237页 | |
| 开本: | 26cm | |
| 丛书名: | ||
| 单 册: | ||
| 中图分类: | H31 | |
| 科图分类: | ||
| 主题词: | 英语--ying yu--成人高等学校--教材 | |
| 电子资源: | ||
| ISBN: | 7-81095-986-7 | |
| 000 | 01070nam0 2200241 450 | |
| 001 | 012006129888 | |
| 005 | 20070611162859.76 | |
| 010 | @a7-81095-986-7@dCNY25.00 | |
| 100 | @a20061214d2006 km y0chiy0120 ea | |
| 101 | 0 | @achi@aeng |
| 102 | @aCN@b310000 | |
| 105 | @ay z 000yy | |
| 200 | 1 | @a英语@Aying yu@h第3册@f胡国湘主编@Fhu guo xiang zhu bian@g新编成人高等学校英语教材编写组编@Gxin bian cheng ren gao deng xue xiao ying yu jiao cai bian xie zu bian |
| 210 | @a上海@c上海外语教育出版社@d2006.07 | |
| 215 | @a237页@d26cm | |
| 300 | @a新编成人高等学校教材 (非英语专业用) | |
| 330 | @a本书为供成人教育使用的英语教材。重视英语语言基础教学,以培养学生实际语言能力为目标。本教材教学从基本知识、基本技能入手,内容由浅入深、循序渐进,使之具有阶段性和灵活性,以适应多层次教学的需要。 | |
| 606 | 0 | @a英语@Aying yu@x成人高等学校@j教材 |
| 690 | @aH31@v4 | |
| 701 | 0 | @a胡国湘@Ahu guo xiang@4主编 |
| 712 | 02 | @a新编成人高等学校英语教材编写组@Axin bian cheng ren gao deng xue xiao ying yu jiao cai bian xie zu@4编 |
| 801 | 0 | @aCN@c20070611 |
| 905 | @a10447@dH31@eH467:3 | |
| 英语.第3册/胡国湘主编/新编成人高等学校英语教材编写组编.-上海:上海外语教育出版社,2006.07 |
| 237页;26cm |
| 新编成人高等学校教材 (非英语专业用) |
| ISBN 7-81095-986-7:CNY25.00 |
| 本书为供成人教育使用的英语教材。重视英语语言基础教学,以培养学生实际语言能力为目标。本教材教学从基本知识、基本技能入手,内容由浅入深、循序渐进,使之具有阶段性和灵活性,以适应多层次教学的需要。 |
| ● |
| 相关链接 |
|
|
|
正题名:英语
索取号:H31/H467:3
 
预约/预借
| 序号 | 登录号 | 条形码 | 馆藏地/架位号 | 状态 | 备注 |
| 1 | 232355 | 202323556 | 语言库209/209语言库 82排2列1层/ [索取号:H31/H467:3] | 在馆 | |
| 2 | 232356 | 202323565 | 语言库209/209语言库 82排2列1层/ [索取号:H31/H467:3] | 在馆 | |
| 3 | 232357 | 202323574 | 语言库209/209语言库 82排2列1层/ [索取号:H31/H467:3] | 在馆 |